000 01251nam a2200313 a 4500
001 ebr10231127
003 CaPaEBR
006 m u
007 cr cn|||||||||
008 720210s1956 mnua sb 001 0 eng d
010 _z 56012463
020 _z9780816601271
020 _z9780816663958
040 _aCaPaEBR
_cCaPaEBR
035 _a(OCoLC)654710012
043 _ae-uk---
050 1 4 _aHE8689.9.G7
_bP38 1956eb
100 1 _aPaulu, Burton,
_d1910-
245 1 0 _aBritish broadcasting
_h[electronic resource] :
_bradio and television in the United Kingdom /
_cBurton Paulu.
260 _aMinneapolis :
_bUniversity of Minnesota Press,
_c[1956]
300 _axii, 457 p. :
_bill.
504 _aIncludes bibliographical references (p. 448-452) and index.
533 _aElectronic reproduction.
_bPalo Alto, Calif. :
_cebrary,
_d2013.
_nAvailable via World Wide Web.
_nAccess may be limited to ebrary affiliated libraries.
650 0 _aRadio broadcasting
_zGreat Britain.
650 0 _aTelevision broadcasting
_zGreat Britain.
655 7 _aElectronic books.
_2local
710 2 _aebrary, Inc.
856 4 0 _uhttp://site.ebrary.com/lib/rucke/Doc?id=10231127
_zAn electronic book accessible through the World Wide Web; click to view
999 _c39525
_d39525